书目信息 |
| 题名: |
消防技术标准规范汇编
|
|
| 作者: | 本社 编 | |
| 分册: | ||
| 出版信息: | 北京 中国计划出版社 1999.04 |
|
| 页数: | 812页 | |
| 开本: | 16开 | |
| 丛书名: | ||
| 单 册: | ||
| 中图分类: | TU998.1-65 | |
| 科图分类: | ||
| 主题词: | 市政工程 , 城市公共设施 | |
| 电子资源: | ||
| ISBN: | 7-80058-729-0 | |
| 000 | 00597nam0 2200205 45 | |
| 001 | 0009171597 | |
| 005 | 20010222160551.5 | |
| 010 | @a7-80058-729-0@d70.00元 | |
| 100 | @a20000917d1999 km y0chiy0120 ea | |
| 101 | 0 | @achi |
| 105 | @a z 000yy | |
| 200 | 1 | @a消防技术标准规范汇编@AXiao Fang Ji Shu Biao Zhun Gui Fan Hui Bian@f本社编@FBen She Bian |
| 210 | @a北京@c中国计划出版社@d1999.04 | |
| 215 | @a812页@d16开 | |
| 606 | 0 | @a市政工程 |
| 606 | 0 | @a城市公共设施 |
| 690 | @aTU998.1-65@v3 | |
| 701 | 0 | @a本社@4编 |
| 801 | @aCN@bPftUser@c20000917 | |
| 905 | @dTU998.1-65@eZH:345/1@b323868-870@f3 | |
| 消防技术标准规范汇编/本社编.-北京:中国计划出版社,1999.04 |
| 812页;16开 |
| ISBN 7-80058-729-0:70.00元 |
| ● |
| 相关链接 |
|
|
|
正题名:消防技术标准规范汇编
索取号:TU998.1-65/ZH:345/1
 
预约/预借
| 序号 | 登录号 | 条形码 | 馆藏地/架位号 | 状态 | 备注 |
| 1 | 323868 | 203238683 | 自科二线404/404自科库 23排3列3层/ [索取号:TU998.1-65/ZH:345/1] | 在馆 | |
| 2 | 323869 | 203238692 | 自科二线404/404自科库 23排3列2层/ [索取号:TU998.1-65/ZH:345/1] | 在馆 | |
| 3 | 323870 | 203238709 | 自科二线404/404自科库 22排4列5层/ [索取号:TU998.1-65/ZH:345/1] | 在馆 |